00630nam a2200205 a 4500008004100000020002200041100002400063245010800087260003400195300001300229300003500242500002000277500004100297650002100338700001900359700001900378003000100397005001700398040000900415  a0073051519 (hbk.)1 aFellmann, Jerome D.10aHuman geography :blandscapes of human activities /cJerome D. Fellmann, Arthur Getis and Judith Getis. aBoston :bMcGraw-Hill,c2008. a10th ed. axviii, 516 p. :bill. ;c28cm. aIncludes index. aIncludes bibliographical references. 1aHuman geography. aGetis, Judith. aGetis, Arthur.20230123125136.0 cNUST